Catálogo
 En Linea

La redencion de Lucifer y otros ensayos. (Registro nro. 19378)

Detalles MARC
000 -CABECERA
campo de control de longitud fija 00609cam a22002051 4500
001 - NÚMERO DE CONTROL
campo de control 000019865
005 - FECHA Y HORA DE LA ÚLTIMA TRANSACCIÓN
campo de control 20200929170153.0
008 - DATOS DE LONGITUD FIJA--INFORMACIÓN GENERAL
campo de control de longitud fija 760917t19601961ve a 000 0 spa
010 ## - NÚMERO DE CONTROL DE LA BIBLIOTECA DEL CONGRESO
Número de control de LC 62038895
035 ## - NÚMERO DE CONTROL DEL SISTEMA
Número de control de sistema (OCoLC)2437494
040 ## - FUENTE DE LA CATALOGACIÓN
Centro catalogador/agencia de origen DO-SdBNP
Centro/agencia transcriptor FU
Centro/agencia modificador DLC
042 ## - CÓDIGO DE AUTENTICACIÓN
Código de autenticación premarc
050 00 - SIGNATURA TOPOGRÁFICA DE LA BIBLIOTECA DEL CONGRESO
Número de clasificación AC75
Número de documento/Ítem .R65
100 1# - ENTRADA PRINCIPAL--NOMBRE DE PERSONA
Nombre de persona Rojas, Armando.
9 (RLIN) 4541
245 13 - MENCIÓN DE TÍTULO
Título La redencion de Lucifer y otros ensayos.
260 ## - PUBLICACIÓN, DISTRIBUCIÓN, ETC.
Lugar de publicación, distribución, etc. Caracas, :
Nombre del editor, distribuidor, etc. Asociacion de Escritores Venezolanos,
Fecha de publicación, distribución, etc. 1960 [i.e. 1961].
300 ## - DESCRIPCIÓN FÍSICA
Extensión 78 p. :
Otras características físicas illus. ;
Dimensiones 16 cm.
490 0# - MENCIÓN DE SERIE
Mención de serie Cuadernos literarios,
Designación de volumen o secuencia 111
910 ## - DATOS DE OPCIÓN DEL USUARIO (OCLC)
Datos de opción del usuario Catalogación derivada / LC
Existencias
Estado de retiro Estado de pérdida Restricciones de uso No para préstamo Código de colección Localización permanente Ubicación/localización actual Ubicación en estantería Fecha de adquisición Número de inventario Total de préstamos Signatura topográfica completa Código de barras Fecha visto por última vez Precio válido a partir de Tipo de ítem Koha
      Excluido de préstamo Monografías: Libros y Folletos General General En catalogación 08.07.2010 LF1   19865-10 25.06.2020 25.06.2020 No se presta

Con tecnología Koha